00548nam a2200157 a 450000100100000000500170001000800410002704000250006808200150009310000410010824500450014926000450019430000210023995201130026099900170037300004459020201002045501.0140721s192u ag 000 0 spa d aDO-SdBNPbspacBNPHU axxxxbxxxx1 aDiderot, Dionisiod1713-1784.97261910aObras filosóficas /cDionisio Diderot. aBuenos Aires :bEditorial Tor,c[192-?]. a186 p. ;c19 cm. 001050718MOaGRbGRcCTd2014-07-21iLF1l0oxxxx xxxxp44590-10r2020-06-25w2020-06-25y1ZNo se presta c44079d44079